Bilecik Bilecik Bilecik Bilecik Bilecik

Danabaş köyünün öyküsü / (Record no. 45734)

MARC details
000 -BAŞLIK
Sabit Uzunluktaki Kontrol Alanı 00948nam a22003017a 4500
001 - KONTROL NUMARASI
Control Dosyası 0045765
003 - KONTROL NUMARASI KİMLİĞİ
Kontrol Alanı KOHA_MİRAKIL
005 - EN SON İŞLEM TARİHİ ve ZAMANI
Kontrol Alanı 20260207003456.0
007 - FİZİKSEL TANIM SABİT ALAN - GENEL BİLGİ
Sabit uzunluklu kontrol alanı ta
008 - SABİT UZUNLUKTAKİ VERİ ÖGELERİ - GENEL BİLGİ
Sabit Alan 140311b2000 tu |||gr||||#0|||1|tur |
040 ## - KATALOGLAMA KAYNAĞI
Özgün Kataloglama Kurumu TR-BiSEU
Kataloglama Dili tur
Çeviri Kurumu TR-BiSEU
Açıklama Kuralları rda
041 0# - DİL KODU
Metin ya da ses kaydının dil kodu tur
044 ## - YAYINLAYAN/ÜRETEN KURULUŞUN ÜLKE KODU
ISO country code tu
050 ## - SINIFLAMA ve YER NUMARASI
Sınıflama Numarası PL245.M46
Yer Numarası D46 2000
100 1# - KİŞİ ADI
Yazar Adı (Kişi adı) Memmedguluzade, Celil.
245 1# - ESER ADI BİLDİRİMİ
Başlık Danabaş köyünün öyküsü /
Sorumluluk Bildirimi Celil Memmedguluzade ; Celil Memmedguluzade ; Azericeden çeviren İldeniz Kurtulan.
264 #1 - ÜRERİM, YAYIN, DAĞITIM ve TELİF BİLDİRİMİ
Yayın yeri [y.y.] :
Yayınlayan Cumhuriyet
Yayın tarihi 2000
300 ## - FİZİKSEL TANIMLAMA
Sayfa, Cilt vb. 160 sayfa; 20 cm.
336 ## - İÇERİK TÜRÜ
Content type term metin
Content type code txt
Source rdacontent
337 ## - MEDYA TÜRÜ
Media type term aracısız
Media type code n
Source rdamedia
338 ## - TAŞIYICI TÜRÜ
Carrier type term cilt
Carrier type code nc
Source rdacarrier
490 1# - DİZİ BİLDİRİMİ
Dizi Bildirimi Cumhuriyet Dünya Klasikleri dizisi ;
Cilt Numarası 97
650 #0 - KONU BAŞLIĞI EK GİRİŞ - KONU TERİMİ
Konusal terim veya coğrafi ad Türk öyküsü.
9 (RLIN) 83158
650 #0 - KONU BAŞLIĞI EK GİRİŞ - KONU TERİMİ
Konusal terim veya coğrafi ad Shot stories, Turkish.
9 (RLIN) 83159
830 1# - SERİ EK GİRİŞİ - TEKBİÇİM ESER ADI
Tekbiçim Başlık Cumhuriyet Dünya Klasikleri dizisi ;
Volume number/sequential designation 97
9 (RLIN) 84284
907 ## - LOCAL DATA ELEMENT G, LDG (RLIN)
a Hikaye
942 ## - EK GİRİŞ ÖGELERİ (KOHA)
Source of classification or shelving scheme Library of Congress Classification
Koha item type Book
Holdings
Materyal Türü Kalıcı Konum Mevcut Konum Raf Yeri Sınıflandırma Kaynağı Edinim Bilgisi Ana Konular Alt Konular Yer Numarası Demirbaş Numarası Fatura Tarihi Geri Çekilme Durumu Kayıp Durumu Hasarlı Durumu Kredi için değil Kayıt Tarih Toplam Ödünçverme Son Görülme Tarihi Son Kontrol Tarihi Genel / Bağış Notu
Book Prof. Dr. Azmi Özcan Kütüphanesi Prof. Dr. Azmi Özcan Kütüphanesi Birûni Salonu Library of Congress Classification Bağış DİL VE EDEBİYAT Doğu Asya, Afrika, Okyanusya Dilleri ve Edebiyatları PL245.M46 D46 2000 0045765 02/02/2026         11/03/2014 1 14/01/2026 14/01/2026 Genel Bağış